Guía de la Ciudad de San Luis Potosí (Record no. 9702)

MARC details
000 -CABECERA
campo de control de longitud fija 00665nam a2200229 a 4500
001 - NÚMERO DE CONTROL
campo de control BRL_890
005 - FECHA Y HORA DE LA ÚLTIMA TRANSACCIÓN
campo de control 20190320210937.0
008 - DATOS DE LONGITUD FIJA--INFORMACIÓN GENERAL
campo de control de longitud fija 231013s1977----mx-ae#####---#000-0#spa-#
041 ## - CÓDIGO DE LENGUA
Código de lengua del texto/banda sonora o título independiente spa
044 ## - CÓDIGO DEL PAÍS DE LA ENTIDAD EDITORA/PRODUCTORA
Código MARC del país mx
050 #4 - SIGNATURA TOPOGRÁFICA DE LA BIBLIOTECA DEL CONGRESO
Número de clasificación F1391.S19
Número de documento/Ítem .M66 1977
100 1# - ENTRADA PRINCIPAL--NOMBRE DE PERSONA
Nombre de persona Montejano y Aguiñaga, Rafael
9 (RLIN) 23310
245 10 - MENCIÓN DE TÍTULO
Título Guía de la Ciudad de San Luis Potosí
Mención de responsabilidad, etc. Rafael Montejano y Aguinaga.
250 ## - MENCIÓN DE EDICIÓN
Mención de edición 5
260 ## - PUBLICACIÓN, DISTRIBUCIÓN, ETC.
Lugar de publicación, distribución, etc. San Luis Potosí
Nombre del editor, distribuidor, etc. Academia de Historia Potosina
Fecha de publicación, distribución, etc. [1977]
300 ## - DESCRIPCIÓN FÍSICA
Extensión 202 p.
Otras características físicas il.
Dimensiones 17 cm.
Material acompañante/anejo + 1 Plano
440 #0 - MENCIÓN DE SERIE/PUNTO DE ACCESO ADICIONAL--TÍTULO
Título Estudios
Designación de volumen o secuencia 9
9 (RLIN) 25248
500 ## - NOTA GENERAL
Nota general Au1047
651 #4 - PUNTO DE ACCESO ADICIONAL DE MATERIA--NOMBRE GEOGRÁFICO
Nombre geográfico San Luis Potosí (México)
Subdivisión de forma Guías
9 (RLIN) 25249
902 ## - CATALOGADOR
Iniciales GRL
942 ## - ELEMENTOS DE PUNTO DE ACCESO ADICIONAL (KOHA)
Fuente del sistema de clasificación o colocación Library of Congress Classification
Tipo de ítem Koha Libros
Holdings
Estado de retiro Estado de pérdida Estado dañado No para préstamo Localización permanente Ubicación/localización actual Fecha de adquisición Número de inventario Total de préstamos Signatura topográfica completa Código de barras Fecha visto por última vez Precio válido a partir de Tipo de ítem Koha
El ejemplar forma parte de la colección y puede ser consultado según las políticas vigentes.       Biblioteca Centro de Estudios Ruth D. Lechuga Biblioteca Centro de Estudios Ruth D. Lechuga 23/10/2013 Au1047   F1391.S19 .M66 1977 (Au1047) GRL00960 22/03/2019 22/03/2019 Libros